[Event "CHN-ch"]
[Site "Xinghua"]
[Date "2025.07.03"]
[Round "11"]
[White "Chen, Yuan1"]
[Black "Meng, Yihan"]
[Result "1-0"]
[WhiteElo "2298"]
[BlackElo "2454"]
[PlyCount "97"]
[EventDate "2025.06.23"]
[EventType "swiss"]
[EventRounds "11"]
[EventCountry "CHN"]
[SourceTitle "CB28_2025"]
[SourceDate "2025.07.09"]
[SourceVersion "1"]
[SourceVersionDate "2025.07.09"]
[SourceQuality "1"]

1. e4 c6 2. d4 d5 3. exd5 cxd5 4. Bd3 Nc6 5. c3 Qc7 6. h3 e6 7. Nf3 Bd6 8. 0-0 Nge7 9. b4 0-0 10. Re1 f6 11. Qc2 e5 12. dxe5 fxe5 13. Bxh7+ Kh8 14. Ng5 Rf6 15. b5 Na5 16. Bd3 e4 17. Qd1 Bf5 18. Bc2 Raf8 19. Be3 Nc4 20. Bd4 Rh6 21. Nd2 Bh2+ 22. Kh1 Bf4 23. Nxc4 Bxg5 24. Ne5 Bf6 25. f4 exf3 26. Bxf5 fxg2+ 27. Kxg2 Nxf5 28. Qg4 Bxe5 29. Bxe5 Qb6 30. Kh1 Rh4 31. Qg2 Qh6 32. Kh2 Rf7 33. Rf1 Re4 34. Bd4 Qh5 35. Kh1 Re2 36. Rxf5 Qh6 37. Qxe2 Rxf5 38. Rg1 Qxh3+ 39. Qh2 Rh5 40. Bxg7+ Kh7 41. Qxh3 Rxh3+ 42. Kg2 Rd3 43. Bd4 b6 44. a4 Kh6 45. Rf1 Kg6 46. Rf6+ Kg5 47. Rf7 Kg4 48. Rxa7 Rd2+ 49. Bf2 1-0

[Event "Sharjah Masters-B 8th"]
[Site "Sharjah"]
[Date "2025.05.23"]
[Round "7"]
[White "Wang, Shixu B"]
[Black "Meng, Yihan"]
[Result "1/2-1/2"]
[WhiteElo "2462"]
[BlackElo "2443"]
[PlyCount "154"]
[EventDate "2025.05.17"]
[EventType "swiss"]
[EventRounds "9"]
[EventCountry "UAE"]
[SourceTitle "CB22_2025"]
[SourceDate "2025.05.28"]
[SourceVersion "1"]
[SourceVersionDate "2025.05.28"]
[SourceQuality "1"]

1. d4 d5 2. c4 dxc4 3. e4 e5 4. Nf3 Bb4+ 5. Nc3 exd4 6. Nxd4 Nd7 7. Bxc4 Ngf6 8. f3 0-0 9. Be2 Ne5 10. 0-0 Qe7 11. Bg5 Bxc3 12. bxc3 c5 13. Nb3 Ng6 14. Qc1 b6 15. Rf2 Re8 16. Nd2 h6 17. Be3 Bb7 18. Nf1 Ne5 19. a4 Rad8 20. Qc2 Qe6 21. a5 Nc4 22. Bxc4 Qxc4 23. axb6 axb6 24. Qb2 Re6 25. Rd2 Rd3 26. Rxd3 Qxd3 27. Qd2 Ba6 28. Qxd3 Bxd3 29. Ng3 Nd5 30. Ra8+ Kh7 31. Bd2 Ne7 32. Nh5 Bc4 33. Kf2 f5 34. Nf4 Rd6 35. Be3 fxe4 36. fxe4 Nc6 37. h3 g5 38. Nh5 Kg6 39. g4 Rd8 40. Rxd8 Nxd8 41. Ng3 Ne6 42. Nf5 b5 43. Nd6 Bd3 44. Nb7 b4 45. cxb4 cxb4 46. Na5 Bxe4 47. Bd2 Nf4 48. Bxb4 Nxh3+ 49. Kg3 Nf4 50. Nc4 Bd5 51. Ne3 Be6 52. Bd6 Ne2+ 53. Kf3 Nd4+ 54. Ke4 Nc6 55. Kf3 Kf6 56. Ke4 Na5 57. Bb4 Nb3 58. Bc3+ Kg6 59. Bb4 Nc1 60. Bc3 Bd7 61. Kf3 Bc6+ 62. Kf2 Nd3+ 63. Kg3 Nc5 64. Bb4 Ne4+ 65. Kh3 Bb5 66. Bf8 Be2 67. Kg2 Nf6 68. Kg3 Bb5 69. Kh3 Bd7 70. Kg3 Bc8 71. Kf3 Nd7 72. Bd6 Kf6 73. Kg3 Ke6 74. Bb4 Ne5 75. Bf8 Nf7 76. Nf5 Kf6 77. Nxh6 Nxh6 1/2-1/2

[Event "Sharjah Masters-B 8th"]
[Site "Sharjah"]
[Date "2025.05.19"]
[Round "3"]
[White "Abu Azizah, Raji"]
[Black "Meng, Yihan"]
[Result "0-1"]
[WhiteElo "2182"]
[BlackElo "2443"]
[PlyCount "76"]
[EventDate "2025.05.17"]
[EventType "swiss"]
[EventRounds "9"]
[EventCountry "UAE"]
[SourceTitle "CB22_2025"]
[SourceDate "2025.05.28"]
[SourceVersion "1"]
[SourceVersionDate "2025.05.28"]
[SourceQuality "1"]

1. e4 e5 2. Nf3 Nf6 3. Nxe5 d6 4. Nf3 Nxe4 5. Nc3 Nxc3 6. dxc3 Be7 7. Be3 0-0 8. Qd2 Nd7 9. 0-0-0 Nf6 10. Bd3 Re8 11. Rhe1 Bg4 12. Bg5 Nd7 13. h4 Nc5 14. Bc4 Ne6 15. Bxe6 fxe6 16. Qf4 Bxg5 17. hxg5 Bxf3 18. gxf3 Rf8 19. Qg4 Rf5 20. f4 Qd7 21. Rh1 g6 22. Rh6 Raf8 23. Rdh1 R8f7 24. Qh3 Rg7 25. Qe3 b6 26. c4 a5 27. b3 Qe7 28. Qd4 Qf8 29. R1h4 d5 30. Qe3 Qd6 31. Qh3 Qe7 32. Qc3 Qc5 33. Qe1 Qd6 34. Qh1 Rxf4 35. Rxh7 Rxh7 36. Rxh7 Qe5 37. Rh4 Rxf2 38. Kb1 Re2 0-1

[Event "Sharjah Masters-B 8th"]
[Site "Sharjah"]
[Date "2025.05.17"]
[Round "1"]
[White "Imomkuzieva, Nilufarkhon"]
[Black "Meng, Yihan"]
[Result "1/2-1/2"]
[WhiteElo "2080"]
[BlackElo "2443"]
[PlyCount "116"]
[EventDate "2025.05.17"]
[EventType "swiss"]
[EventRounds "9"]
[EventCountry "UAE"]
[SourceTitle "CB22_2025"]
[SourceDate "2025.05.28"]
[SourceVersion "1"]
[SourceVersionDate "2025.05.28"]
[SourceQuality "1"]

1. e4 c6 2. d4 d5 3. Nc3 dxe4 4. Nxe4 Nf6 5. Nxf6+ exf6 6. c3 Bd6 7. Bd3 0-0 8. Qc2 Re8+ 9. Ne2 h5 10. Be3 Nd7 11. 0-0-0 Nf8 12. Kb1 Be6 13. c4 Ng6 14. h3 h4 15. Rhe1 Rc8 16. Nc3 Bb4 17. a3 Bxc3 18. Qxc3 Qd7 19. Qa5 b5 20. Rc1 Rb8 21. Red1 bxc4 22. Bxc4 Bxc4 23. Rxc4 Rb5 24. Qa4 Qd5 25. Rdc1 Reb8 26. R1c2 Qxg2 27. Rxc6 Qxh3 28. Qxa7 Qf5 29. Bc1 h3 30. R6c5 Qd3 31. Qc7 Nf8 32. R5c3 Qf5 33. Qg3 Ne6 34. Qxh3 Qxh3 35. Rxh3 Nxd4 36. Rc4 Nf5 37. b4 g5 38. Ka2 Ne7 39. Kb3 Rf5 40. f4 Ng6 41. Rg3 Re8 42. fxg5 fxg5 43. Rxg5 Rf3+ 44. Rc3 Rf1 45. a4 Kf8 46. a5 Ra8 47. Rgc5 Ne7 48. Ka4 Rd1 49. b5 Nd5 50. Rc8+ Ke7 51. Ba3+ Kd7 52. Rxa8 Nxc3+ 53. Kb4 Nd5+ 54. Kc5 Nc7 55. Rb8 Rd5+ 56. Kc4 Rxb5 57. Rxb5 Nxb5 58. Kxb5 Kc7 1/2-1/2

[Event "Asia-ch"]
[Site "Al Ain"]
[Date "2025.05.13"]
[Round "7"]
[White "Agmanov, Zhandos"]
[Black "Meng, Yihan"]
[Result "1/2-1/2"]
[WhiteElo "2480"]
[BlackElo "2443"]
[PlyCount "134"]
[EventDate "2025.05.07"]
[EventType "swiss"]
[EventRounds "9"]
[EventCountry "UAE"]
[SourceTitle "CB21_2025"]
[SourceDate "2025.05.21"]
[SourceVersion "1"]
[SourceVersionDate "2025.05.21"]
[SourceQuality "1"]

1. e4 e5 2. Nf3 Nf6 3. Nxe5 d6 4. Nf3 Nxe4 5. d3 Nf6 6. d4 d5 7. Bd3 Bd6 8. 0-0 0-0 9. h3 h6 10. Nc3 Nc6 11. Nb5 Re8 12. c3 Ne4 13. Re1 Bf5 14. Nxd6 Qxd6 15. Bb5 Re7 16. Bxc6 Qxc6 17. Ne5 Qb6 18. Qb3 c6 19. Bf4 Rae8 20. Qxb6 axb6 21. Nf3 g5 22. Bh2 Nd2 23. Rxe7 Nxf3+ 24. gxf3 Rxe7 25. Kg2 Re2 26. b3 Rc2 27. Bc7 b5 28. Ba5 Rb2 29. Bb4 Bd3 30. a4 bxa4 31. bxa4 Re2 32. a5 Kg7 33. Rd1 Bb5 34. Kg3 f5 35. Kg2 Kg6 36. h4 gxh4 37. Rh1 Kg5 38. Bd6 Bd3 39. Bc7 Re8 40. Kh3 Kh5 41. Kg2 Kg5 42. Kh3 Be2 43. Rg1+ Kh5 44. Re1 Rc8 45. Bf4 Bxf3 46. Re6 Rh8 47. Rf6 Bg4+ 48. Kg2 Be2 49. f3 Bd3 50. Kh3 Rh7 51. Kh2 Be2 52. Kg2 Bd3 53. Kh2 Bc4 54. Kg2 Be2 55. Rxf5+ Kg6 56. Rf8 h3+ 57. Kxh3 Bxf3 58. Be5 Be2 59. Kh4 Re7 60. Rf2 Bd3 61. Rf6+ Kh7 62. Rf8 Ba6 63. Kg4 Bd3 64. Rh8+ Kg6 65. Rg8+ Kf7 66. Rg7+ Ke6 67. Rxe7+ Kxe7 1/2-1/2

[Event "Asia-ch Blitz"]
[Site "Al Ain"]
[Date "2025.05.10"]
[Round "3"]
[White "Isanzhulov, Arystan"]
[Black "Meng, Yihan"]
[Result "0-1"]
[WhiteElo "2372"]
[BlackElo "2443"]
[PlyCount "64"]
[EventDate "2025.05.10"]
[EventType "swiss (blitz)"]
[EventRounds "9"]
[EventCountry "UAE"]
[SourceTitle "CB20_2025"]
[SourceDate "2025.05.14"]
[SourceVersion "1"]
[SourceVersionDate "2025.05.14"]
[SourceQuality "1"]

1. e4 e5 2. Nf3 Nf6 3. Nc3 Nc6 4. g3 Bc5 5. Bg2 0-0 6. Nxe5 Nxe5 7. d4 Bd6 8. f4 Nc6 9. e5 Bb4 10. exf6 Qxf6 11. Be3 Re8 12. Kf2 Bxc3 13. bxc3 d6 14. Re1 Bf5 15. Rb1 Rab8 16. Bd2 Na5 17. Bc1 Qg6 18. Rb2 h5 19. Bf3 Bg4 20. Bxg4 hxg4 21. Qd3 Qh5 22. Rh1 Qd5 23. Rf1 Nc4 24. Rb1 Re6 25. a4 a6 26. Rb4 b5 27. axb5 axb5 28. f5 Re4 29. Kg1 Rbe8 30. Rb1 Re2 31. Rf2 Re1+ 32. Rf1 R8e2 0-1

[Event "Asia-ch Blitz"]
[Site "Al Ain"]
[Date "2025.05.10"]
[Round "2"]
[White "Meng, Yihan"]
[Black "Saif, Ahmed"]
[Result "1-0"]
[WhiteElo "2443"]
[BlackElo "2053"]
[PlyCount "69"]
[EventDate "2025.05.10"]
[EventType "swiss (blitz)"]
[EventRounds "9"]
[EventCountry "UAE"]
[SourceTitle "CB20_2025"]
[SourceDate "2025.05.14"]
[SourceVersion "1"]
[SourceVersionDate "2025.05.14"]
[SourceQuality "1"]

1. e4 c6 2. d4 d5 3. exd5 cxd5 4. Bd3 Nc6 5. c3 Nf6 6. Bf4 g6 7. Qc2 Bg7 8. h3 0-0 9. Nf3 Nd7 10. 0-0 e5 11. dxe5 Ndxe5 12. Nxe5 Nxe5 13. Bxe5 Bxe5 14. Nd2 Be6 15. Nf3 Bg7 16. Rad1 Rc8 17. Qa4 Qb6 18. Rd2 Bh6 19. Re2 Qc6 20. Qh4 Kg7 21. Rfe1 Rfe8 22. Nd4 Qd6 23. Nb5 Qc5 24. Qg3 Rc6 25. Nd4 Rb6 26. a4 Rc8 27. Rxe6 fxe6 28. Nxe6+ Rxe6 29. Rxe6 Qf8 30. Qe5+ Kg8 31. Qxd5 Qf7 32. Bc4 Kg7 33. Qe5+ Kf8 34. Qh8+ Qg8 35. Qxg8+ 1-0

[Event "CHN-chT"]
[Site "Hebei"]
[Date "2025.05.02"]
[Round "8.15"]
[White "Yang, Zilong"]
[Black "Meng, Yihan"]
[Result "1/2-1/2"]
[WhiteElo "2337"]
[BlackElo "2433"]
[PlyCount "66"]
[EventDate "2025.04.25"]
[EventType "team-swiss"]
[EventRounds "9"]
[EventCountry "CHN"]
[SourceTitle "CB20_2025"]
[SourceDate "2025.05.14"]
[SourceVersion "1"]
[SourceVersionDate "2025.05.14"]
[SourceQuality "1"]
[WhiteTeam "Jiangsu"]
[BlackTeam "Shanghai"]
[WhiteTeamCountry "CHN"]
[BlackTeamCountry "CHN"]

1. e4 e5 2. Nf3 Nf6 3. Nxe5 d6 4. Nf3 Nxe4 5. d4 d5 6. Bd3 Bd6 7. 0-0 0-0 8. c4 c6 9. Nc3 Nxc3 10. bxc3 dxc4 11. Bxc4 Bf5 12. Bg5 Qa5 13. Nh4 Be6 14. Bxe6 Qxg5 15. Nf3 Qa5 16. Bb3 Nd7 17. Qd3 Rae8 18. Rae1 Nf6 19. g3 g6 20. Kg2 Kg7 21. h4 Rxe1 22. Rxe1 c5 23. dxc5 Qxc5 24. Ng5 Qc6+ 25. Qf3 Qxf3+ 26. Kxf3 h6 27. Ne4 Re8 28. Re3 Nxe4 29. Rxe4 Rxe4 30. Kxe4 Bc5 31. f4 f5+ 32. Kf3 h5 33. Bd5 b6 1/2-1/2

[Event "CHN-chT"]
[Site "Hebei"]
[Date "2025.04.25"]
[Round "1.3"]
[White "Meng, Yihan"]
[Black "Wu, Kaige"]
[Result "1-0"]
[WhiteElo "2433"]
[BlackElo "1753"]
[PlyCount "103"]
[EventDate "2025.04.25"]
[EventType "team-swiss"]
[EventRounds "9"]
[EventCountry "CHN"]
[SourceTitle "CB20_2025"]
[SourceDate "2025.05.14"]
[SourceVersion "1"]
[SourceVersionDate "2025.05.14"]
[SourceQuality "1"]
[WhiteTeam "Shanghai"]
[BlackTeam "Qingdao"]
[WhiteTeamCountry "CHN"]
[BlackTeamCountry "CHN"]

1. e4 c5 2. Nf3 d6 3. Bb5+ Bd7 4. c4 Nf6 5. Nc3 g6 6. d4 cxd4 7. Nxd4 Bg7 8. Be3 0-0 9. h3 a6 10. Bxd7 Nbxd7 11. Rc1 Rc8 12. Qe2 Nc5 13. f3 Nh5 14. Qd2 Ng3 15. Rg1 Be5 16. Nde2 Nxe2 17. Kxe2 Bg7 18. Rgd1 Qe8 19. Bh6 Bxh6 20. Qxh6 f5 21. exf5 Rxf5 22. Kf1 Qf7 23. Kg1 Ne6 24. Nd5 Nf4 25. Kh2 Rf8 26. Nxf4 Rxf4 27. Qg5 Kg7 28. Re1 e5 29. c5 Rf5 30. Qg3 dxc5 31. Rxc5 Qxa2 32. Rexe5 Rf4 33. Re7+ R8f7 34. Qxf4 Rxe7 35. Qd4+ Kf7 36. Qh8 h5 37. Rc8 Qa4 38. Qh7+ Kf6 39. Rf8+ Ke6 40. Qxg6+ Kd7 41. Qd3+ Ke6 42. Qg6+ Kd7 43. Qb6 Qc6 44. Rd8+ Ke6 45. Qe3+ Kf7 46. Qf4+ Kg6 47. Rd6+ Re6 48. Rxc6 Rxc6 49. Qb4 Kf6 50. Qxb7 Re6 51. h4 Ke5 52. Qf7 1-0

[Event "China zt 3.5"]
[Site "Jiangxi"]
[Date "2025.03.28"]
[Round "7"]
[White "Wang, Shixu B"]
[Black "Meng, Yihan"]
[Result "1/2-1/2"]
[WhiteElo "2452"]
[BlackElo "2412"]
[PlyCount "89"]
[EventDate "2025.03.22"]
[EventType "swiss"]
[EventRounds "9"]
[EventCountry "CHN"]
[SourceTitle "CB14_2025"]
[SourceDate "2024.11.01"]
[SourceVersion "1"]
[SourceVersionDate "2024.11.01"]
[SourceQuality "1"]

1. d4 d5 2. Nf3 Nf6 3. c4 dxc4 4. e3 e6 5. Bxc4 c5 6. 0-0 a6 7. dxc5 Qxd1 8. Rxd1 Bxc5 9. Be2 0-0 10. Nbd2 Nc6 11. a3 Rd8 12. b4 Be7 13. Bb2 Bd7 14. Nb3 Be8 15. Nfd2 Na7 16. Nd4 Nc6 17. Bf3 Rac8 18. N2b3 Nxd4 19. Bxd4 Bc6 20. Bxc6 Rxc6 21. Bc5 Rxd1+ 22. Rxd1 Kf8 23. Rd8+ Ne8 24. Rb8 Bxc5 25. Nxc5 b6 26. Rxb6 Rxb6 27. Nd7+ Ke7 28. Nxb6 Kd6 29. a4 Nf6 30. Nc4+ Kd5 31. Nb2 Ng4 32. h3 Ne5 33. Kf1 Nc6 34. b5 axb5 35. axb5 Ne5 36. Na4 Kc4 37. b6 Kb5 38. b7 Nd7 39. Nb2 Kc6 40. Nc4 f6 41. g4 Kxb7 42. Nd6+ Kc6 43. Ne8 g6 44. f4 Kd5 45. Ke2 1/2-1/2

[Event "China zt 3.5"]
[Site "Jiangxi"]
[Date "2025.03.25"]
[Round "4"]
[White "Meng, Yihan"]
[Black "Liu, Yan"]
[Result "1/2-1/2"]
[WhiteElo "2412"]
[BlackElo "2542"]
[PlyCount "75"]
[EventDate "2025.03.22"]
[EventType "swiss"]
[EventRounds "9"]
[EventCountry "CHN"]
[SourceTitle "CB14_2025"]
[SourceDate "2024.11.01"]
[SourceVersion "1"]
[SourceVersionDate "2024.11.01"]
[SourceQuality "1"]

1. e4 c5 2. Nf3 d6 3. d4 cxd4 4. Nxd4 Nf6 5. Nc3 a6 6. Bg5 e6 7. Qf3 h6 8. Bd2 Nbd7 9. Be2 Qc7 10. a4 Ne5 11. Qg3 Nc4 12. Bc1 Bd7 13. b3 Na5 14. Bb2 e5 15. Nf5 Bxf5 16. exf5 d5 17. 0-0 0-0-0 18. Na2 Nc6 19. b4 Ne4 20. Qh3 f6 21. c4 Nxb4 22. Nxb4 Bxb4 23. cxd5 Kb8 24. a5 Qc2 25. Bd3 Qxb2 26. Bxe4 Qc3 27. Qg4 h5 28. Qxg7 Qd4 29. Rae1 Bxe1 30. Rxe1 Ka8 31. h3 Rhg8 32. Qxf6 Qb4 33. Re2 Qxa5 34. Qe7 Rge8 35. Qf7 Rf8 36. Qe7 Rfe8 37. Qf7 Rf8 38. Qe7 1/2-1/2

[Event "Wch U20 62nd"]
[Site "Petrovac"]
[Date "2025.03.05"]
[Round "9"]
[White "Grebnev, Aleksey"]
[Black "Meng, Yihan"]
[Result "1-0"]
[WhiteElo "2555"]
[BlackElo "2412"]
[PlyCount "139"]
[EventDate "2025.02.25"]
[EventType "swiss"]
[EventRounds "11"]
[EventCountry "MNE"]
[SourceTitle "CB11_2025"]
[SourceDate "2025.03.12"]
[SourceVersion "1"]
[SourceVersionDate "2025.03.12"]
[SourceQuality "1"]

1. e4 e5 2. Nf3 Nf6 3. d4 Nxe4 4. dxe5 d5 5. Nbd2 Qd7 6. Bd3 Nc5 7. Be2 Be7 8. 0-0 0-0 9. Nd4 Nc6 10. N2f3 Rd8 11. c3 Ne4 12. Be3 Na5 13. Bd3 c5 14. Ne2 Nc4 15. Qc1 Qc6 16. Bf4 Bf5 17. Ne1 g5 18. f3 gxf4 19. fxe4 Bxe4 20. Bxc4 dxc4 21. Qxf4 Qg6 22. Ng3 Bd5 23. Nf3 Be6 24. Rae1 Qg4 25. Qh6 Qg6 26. Qf4 Qg4 27. Qc1 Rd3 28. Ne4 Qg6 29. Qf4 Qf5 30. Qc1 Qg6 31. Nfg5 Rad8 32. Nxe6 fxe6 33. Qf4 b5 34. Re3 Rf8 35. Nf6+ Bxf6 36. Rxd3 Bg7 37. Qxf8+ Bxf8 38. Rg3 Qxg3 39. hxg3 Bg7 40. Re1 Kf7 41. Kf2 a5 42. a4 bxa4 43. Ra1 Bxe5 44. Rxa4 Bc7 45. Rxc4 Bb6 46. Kf3 Kf6 47. Rh4 Kg6 48. g4 Bd8 49. Rh5 Bg5 50. Rh1 h6 51. b3 Bd2 52. c4 Kg7 53. Rd1 Bc3 54. Rd3 Bb2 55. Rd6 Kf6 56. Rc6 Bd4 57. Kf4 Bf2 58. Ke4 Bd4 59. Kd3 Bf2 60. Kd2 Ke5 61. Ra6 Bd4 62. Kd3 Bf2 63. Rxa5 Kf4 64. Ra6 Kxg4 65. Rxe6 h5 66. Ke4 h4 67. Rg6+ Kh5 68. Kf5 Be1 69. Rg5+ Kh6 70. Kg4 1-0

[Event "Wch U20 62nd"]
[Site "Petrovac"]
[Date "2025.02.26"]
[Round "2"]
[White "Zia, Tahsin Tajwar"]
[Black "Meng, Yihan"]
[Result "0-1"]
[WhiteElo "2323"]
[BlackElo "2412"]
[PlyCount "96"]
[EventDate "2025.02.25"]
[EventType "swiss"]
[EventRounds "11"]
[EventCountry "MNE"]
[SourceTitle "CB11_2025"]
[SourceDate "2025.03.12"]
[SourceVersion "1"]
[SourceVersionDate "2025.03.12"]
[SourceQuality "1"]

1. c4 e5 2. Nc3 Nf6 3. Nf3 Nc6 4. g3 Bb4 5. Nd5 e4 6. Nh4 0-0 7. Bg2 d6 8. 0-0 g5 9. d4 h6 10. g4 Bxg4 11. f3 exf3 12. Nxf3 Nxd5 13. cxd5 Bxf3 14. Rxf3 Nxd4 15. Rf2 c5 16. e3 Nb5 17. a3 Ba5 18. Qh5 Qe7 19. Qxh6 f6 20. Qg6+ Qg7 21. Qd3 Nc7 22. b3 Rae8 23. Bb2 Bb6 24. Re1 c4 25. bxc4 Na6 26. Kh1 Nc5 27. Qc2 Qh7 28. Rf5 Nd7 29. e4 Ne5 30. Qe2 Qh4 31. Bxe5 Rxe5 32. Rxe5 fxe5 33. Rf1 Bf2 34. Bf3 Bc5 35. Bg2 Bxa3 36. Rxf8+ Kxf8 37. Qf3+ Ke7 38. Bh3 Bc5 39. Kg2 Qe1 40. Bg4 Qg1+ 41. Kh3 Qe3 42. Kg2 Qd2+ 43. Kh1 Qf4 44. Kg2 a5 45. Qxf4 exf4 46. Bd1 Kf6 47. Kf3 Ke5 48. Bc2 Kd4 0-1

[Event "Hong Kong op"]
[Site "Hong Kong"]
[Date "2024.12.30"]
[Round "6"]
[White "Meng, Yihan"]
[Black "Villamayor, Buenaventura"]
[Result "1-0"]
[WhiteElo "2402"]
[BlackElo "2313"]
[PlyCount "104"]
[EventDate "2024.12.27"]
[EventType "swiss"]
[EventRounds "9"]
[EventCountry "HKG"]
[SourceTitle "CB02_2025"]
[SourceDate "2025.01.08"]
[SourceVersion "1"]
[SourceVersionDate "2025.01.08"]
[SourceQuality "1"]

1. e4 e6 2. d4 d5 3. Nc3 dxe4 4. Nxe4 Nd7 5. Nf3 Ngf6 6. Nxf6+ Nxf6 7. Be3 Nd5 8. Bd2 c5 9. Bb5+ Bd7 10. Bxd7+ Qxd7 11. c4 Nb6 12. Rc1 f6 13. 0-0 cxd4 14. c5 Nc8 15. Qb3 Ne7 16. Rfe1 e5 17. Qc4 Nc6 18. b4 a6 19. a4 Qf7 20. Nxd4 Qxc4 21. Rxc4 Nxd4 22. Rxd4 Rd8 23. Rxd8+ Kxd8 24. Be3 Be7 25. Kf1 Kd7 26. Ke2 Rc8 27. Rb1 Ke6 28. f4 h5 29. fxe5 fxe5 30. Kf3 Kf5 31. Rd1 a5 32. Rd7 Ke6 33. Rxb7 axb4 34. Rb6+ Kd5 35. Rxb4 g5 36. h3 e4+ 37. Ke2 Ra8 38. Rd4+ Ke5 39. c6 Rc8 40. Rc4 Kd5 41. Rc2 Rxc6 42. Rxc6 Kxc6 43. g4 hxg4 44. hxg4 Bd8 45. Bd2 Kd5 46. a5 Kc6 47. a6 Be7 48. Be3 Bf6 49. a7 Kb7 50. Bc5 Be5 51. Ke3 Bc3 52. Kxe4 Bd2 1-0

[Event "Hong Kong op"]
[Site "Hong Kong"]
[Date "2024.12.29"]
[Round "4"]
[White "Bai, Jinshi"]
[Black "Meng, Yihan"]
[Result "1/2-1/2"]
[WhiteElo "2551"]
[BlackElo "2402"]
[PlyCount "107"]
[EventDate "2024.12.27"]
[EventType "swiss"]
[EventRounds "9"]
[EventCountry "HKG"]
[SourceTitle "CB02_2025"]
[SourceDate "2025.01.08"]
[SourceVersion "1"]
[SourceVersionDate "2025.01.08"]
[SourceQuality "1"]

1. e4 e5 2. Nf3 Nf6 3. Nxe5 d6 4. Nf3 Nxe4 5. d3 Nf6 6. d4 d5 7. Bd3 Bd6 8. 0-0 0-0 9. Bg5 Bg4 10. Nbd2 Re8 11. h3 Bh5 12. c3 Nbd7 13. Qb3 Qb8 14. Rae1 Rxe1 15. Rxe1 c6 16. Nh4 Qc7 17. Nf5 Bf8 18. g3 Re8 19. Rxe8 Nxe8 20. c4 dxc4 21. Nxc4 Nb6 22. Nxb6 Qxb6 23. Qxb6 axb6 24. g4 Bg6 25. a4 Nf6 26. Bxf6 gxf6 27. Be4 Bxf5 28. Bxf5 Bh6 29. Bc8 Bc1 30. b3 Bb2 31. Bxb7 Bxd4 32. Bxc6 f5 33. gxf5 f6 34. Kg2 Kf8 35. Kg3 Bc5 36. Bd5 Ke7 37. Bg8 h6 38. f3 Be3 39. Be6 Ke8 40. Bc4 Ke7 41. Bb5 Kf8 42. Kg4 Bd2 43. Bc4 Kg7 44. Kh5 Be1 45. Be6 Bd2 46. Kg4 Kf8 47. f4 Bc1 48. b4 Bd2 49. a5 bxa5 50. b5 a4 51. b6 Ba5 52. b7 Bc7 53. Kh5 Kg7 54. Kg4 1/2-1/2